Catálogo público

Projeto Palmitos do Açai LTDA / (Record no. 172549)

MARC details
000 -CABECERA
campo de control de longitud fija 01600nam a2200349Ia 4500
001 - NÚMERO DE CONTROL
campo de control dia_2011
003 - IDENTIFICADOR DEL NÚMERO DE CONTROL
campo de control CHAP
005 - FECHA Y HORA DE LA ÚLTIMA TRANSACCIÓN
campo de control 20251027152954.0
008 - DATOS DE LONGITUD FIJA--INFORMACIÓN GENERAL
campo de control de longitud fija 220117s1972 xx 000 0 und d
010 ## - NÚMERO DE CONTROL DE LA BIBLIOTECA DEL CONGRESO
Número de control de LC 172549
040 ## - FUENTE DE LA CATALOGACIÓN
Centro/agencia transcriptor CHAP
082 ## - NÚMERO DE LA CLASIFICACIÓN DECIMAL DEWEY
Número de clasificación 380.1410981 C87 1972
111 ## - ENTRADA PRINCIPAL--NOMBRE DE CONGRESO/REUNIÓN
Nombre de congreso/reunión o jurisdicción como elemento de entrada Curso Nacional de Elaboração e Avaliação de Projetos (2° : 1972 mar. 20-jun. 24 : Belém, Pará, Brasil)
9 (RLIN) 152055
245 ## - MENCIÓN DE TÍTULO
Título Projeto Palmitos do Açai LTDA /
Mención de responsabilidad, etc. dirección José Sérgio Chao ; colaboración Ana Catharina Azevedo Costa...[et al.] ; organizado por el Governo do Estado do Pará y el Instituto do Desenvolvimiento Económico Social do Pará del 20 de marzo al 24 de junio de 1972 en Belém, Pará, Brasil
260 ## - PUBLICACIÓN, DISTRIBUCIÓN, ETC.
Lugar de publicación, distribución, etc. Brasil :
Nombre del editor, distribuidor, etc. CETREDE,
Fecha de publicación, distribución, etc. 1972
300 ## - DESCRIPCIÓN FÍSICA
Extensión 267 h.
503 ## - NOTA DE HISTORIA BIBLIOGRÁFICA (BK CF MU) [OBSOLETO]
Nota de historia bibliográfica D.
504 ## - NOTA DE BIBLIOGRAFÍA, ETC.
Nota de bibliografía, etc. Bibliografía: h. [268-269]
590 ## - NOTA LOCAL (RLIN)
Nota local HD9000.4 C87 1972
650 ## - PUNTO DE ACCESO ADICIONAL DE MATERIA--TÉRMINO DE MATERIA
Término de materia o nombre geográfico como elemento de entrada Agricultural industry
Subdivisión general Economical aspects
-- Brazil
9 (RLIN) 152056
650 ## - PUNTO DE ACCESO ADICIONAL DE MATERIA--TÉRMINO DE MATERIA
Término de materia o nombre geográfico como elemento de entrada Agricultural products
Subdivisión general Marketing
-- Brazil
9 (RLIN) 152057
650 ## - PUNTO DE ACCESO ADICIONAL DE MATERIA--TÉRMINO DE MATERIA
Término de materia o nombre geográfico como elemento de entrada Euterpe oleracea
9 (RLIN) 152058
650 ## - PUNTO DE ACCESO ADICIONAL DE MATERIA--TÉRMINO DE MATERIA
Término de materia o nombre geográfico como elemento de entrada Industrias agrícolas
Subdivisión general Aspectos económicos
-- Brasil
9 (RLIN) 152059
650 ## - PUNTO DE ACCESO ADICIONAL DE MATERIA--TÉRMINO DE MATERIA
Término de materia o nombre geográfico como elemento de entrada Productos agrícolas
Subdivisión general Mercadotecnia
-- Brasil
9 (RLIN) 152060
700 ## - PUNTO DE ACCESO ADICIONAL--NOMBRE DE PERSONA
Nombre de persona Azevedo Costa, Ana Catharina, colab.
9 (RLIN) 152061
700 ## - PUNTO DE ACCESO ADICIONAL--NOMBRE DE PERSONA
Nombre de persona Chao, José Sérgio, dir.
9 (RLIN) 152062
711 ## - PUNTO DE ACCESO ADICIONAL--NOMBRE DE REUNIÓN/CONGRESO
Nombre de congreso/reunión o jurisdicción como elemento de entrada Curso Nacional de Elaboração e Avaliação de Projetos (2° : 1972 mar. 20-jun. 24 : Belém, Pará, Brasil)
9 (RLIN) 152055
901 ## - ELEMENTOS DE DATOS A LOCAL LDA (RLIN)
a 380.1410981 C87 1972
902 ## - ELEMENTOS DE DATOS B LOCAL, LDB (RLIN)
a M
905 ## - ELEMENTOS DE DATOS E LOCAL, LDE (RLIN)
a 5232271972 bl bimn8226323322por16
942 ## - ELEMENTOS DE PUNTO DE ACCESO ADICIONAL (KOHA)
Tipo de ítem Koha Libro
Fuente del sistema de clasificación o colocación Dewey Decimal Classification
Holdings
Estado de retiro Estado de pérdida Fuente del sistema de clasificación o colocación Estado dañado No para préstamo Código de colección Localización permanente Ubicación/localización actual Ubicación en estantería Fecha de adquisición Información codificada de la localización en otra ubicación Total de préstamos Código de barras Fecha visto por última vez Número de copia Precio válido a partir de Tipo de ítem Koha
    Dewey Decimal Classification     General Ingenieria Agroindustrial Ingenieria Agroindustrial   18/01/2022 1   dia_000299 18/01/2022 1 18/01/2022 Libro